000 00221nam a2200097Ia 4500
008 190216s9999||||xx |||||||||||||| ||und||
100 _aUlloor
245 0 _aMalayalam-Kiranavali
260 _bUlloor Publishers
942 _cBK
999 _c30282
_d30282